000 00785nab a2200241u 4500
001 15454
003 HDC
007 c| |||a|c|aaaa
008 210217b20120716my ||||| |||| 00| 0 may d
040 _aHDC
100 _aMohd Azrone Sarabatin /
_eauthor
_98977
245 0 _aSaintis Malaysia meninggal /
_cMohd Azrone Sarabatin
336 _atext
_2rdacontent
337 _acomputer
_2rdamedia
338 _aonline resource
_2rdacarrier
650 _aMalaysia/s scientist
_915660
650 _apancreas cancer
_915661
710 _aBERITA HARIAN
856 _zRequest full-text at [email protected]
942 _2lcc
942 _cNEWS
942 _kNWSC 003722
999 _c12770
_d12770